000 00546nam a22001937a 4500
005 20250529145747.0
008 250418b |||||||| |||| 00| 0 eng d
020 _a9789360809690
040 _aSDCL
_cSDCL
041 _2eng
_aeng
084 _aV43'P R5
245 _aEmpire, religion, and identity :
_bModern South Asia and the global circulation of ideas
260 _aNew Delhi :
_bManohar,
_c2025.
300 _ax, 267p.
650 _2Religion
650 _2History
700 _aMukherjee, Soumen
_eEd.
_9811054
942 _2CC
_cTEXL
_n0
999 _c1309164
_d1309164